000248131 001__ 248131
000248131 005__ 20260201182712.0
000248131 022__ $$2(DE-600)2249612-9$$a2221-8688
000248131 022__ $$a2221-8688$$l2522-1655
000248131 022__ $$a2522-1655
000248131 0247_ $$2ZDBID$$aPERI:(DE-600)3037449-2
000248131 0247_ $$2ZDBPPN$$aZDPPN:1217662855
000248131 0247_ $$2EZBID$$aPERI:(DE-606)473156
000248131 0247_ $$2EZBID$$aPERI:(DE-606)473156
000248131 0247_ $$2doi$$a10.32737/2221-8688
000248131 0247_ $$2OCLC$$aOCLC:1368986318
000248131 0247_ $$2SCOPUS$$aSCOPUS:21101065070
000248131 035__ $$aPERI:(DE-600)3037449-2
000248131 040__ $$a0089$$bger$$cDE-101$$dJOIN²$$eJOIN² journal identification
000248131 041__ $$aeng
000248131 044__ $$cXB-AZ
000248131 082__ $$223sdnb$$a540$$qDE-600
000248131 08274 $$223sdnb$$a540$$qDE-600
000248131 2100_ $$2DE-600$$aKim. probl.
000248131 24220 $$2DE-600$$aChemical problems$$bChP = Kimya problemläri$$yen
000248131 24220 $$2DE-600$$aChemical problems$$bChP = Kimya problemläri
000248131 245__ $$2DE-600$$aChemical problems$$bChP = Kimya problemläri$$honline, print
000248131 2463_ $$2DE-600$$aChemical problems
000248131 2463_ $$aChemical problems
000248131 260__ $$aBaku$$bInstitute of Chemistry Problems of NAS$$c[2007?]-
000248131 26431 $$aBaku$$bInstitute of Chemistry Problems of NAS$$c[2007?]-
000248131 3620_ $$2DE-600$$a2007, no 1 [?]-2018, no 1 ; 16, no 2 (2018)-
000248131 36300 $$2DE-600$$81.1\x$$b1$$i2007
000248131 36301 $$2DE-600$$82.1\x$$a16$$b2$$i2018
000248131 36310 $$2DE-600$$81.2\x$$b1$$i2018
000248131 380__ $$2marcgt$$ajournal
000248131 500__ $$aAutomatically generated record. (Updated: 2025-11-12)
000248131 650_7 $$0ASJC:1600$$2ASJC$$aGeneral Chemistry
000248131 65310 $$2EZB-Subject$$aChemistry and Pharmacology
000248131 65310 $$2EZB-Keyword$$aAllgemeine Chemie
000248131 77608 $$2DE-600$$dBakı : [Verlag nicht ermittelbar], 2005-$$iErscheint auch als$$nDruck-Ausgabe$$tChemical problems$$w(DE-600)2249612-9$$x2221-8688
000248131 8564_ $$d0$$uhttp://chemprob.org$$yVerlag = kostenfrei
000248131 8564_ $$d0$$uhttps://doi.org/10.32737/2221-8688$$yResolving-System
000248131 8564_ $$d0$$uhttps://ezb.ur.de/?3037449-2$$yEZB
000248131 8801_ $$2DE-600$$aChemical problems$$bChP = Kimya problemläri
000248131 909CO $$ooai:juser.fz-juelich.de:913483$$pauthority$$pauthority:PERI
000248131 909CO $$ooai:juser.fz-juelich.de:913483
000248131 915__ $$0StatID:(DE-HGF)0200$$2StatID$$aDBCoverage$$bSCOPUS$$d2025-11-12
000248131 915__ $$0StatID:(DE-HGF)0600$$2StatID$$aDBCoverage$$bEbsco Academic Search$$d2025-11-12
000248131 915__ $$0StatID:(DE-HGF)0030$$2StatID$$aPeer Review$$bASC$$d2025-11-12
000248131 936__ $$aRussische und aserbaidschanische Abstracts. - Beiträge früher russisch und aserbaidschanisch. - Englische, russische und aserbaidschanische Benutzeroberfläche verfügbar .
000248131 980__ $$aPERI
000248131 980__ $$aAUTHORITY